000 00849nam a2200265Ia 4500
005 20220317001139.0
008 160825s2007 sp g 000 0 spa
020 _a97884348505012
100 1 _aPennac, Daniel
_d1944-
245 1 0 _aIncreíble Kamo!
_cDaniel Pennac ; traducido por Miguel Azaola
250 _a13a. edición
300 _a127 páginas
_c19 cm
490 _aEl barco de vapor
_projo
650 1 4 _2LEMB
_aNovela juvenil francesa
_ySiglo XX
650 1 4 _2LEMB
_aLiteratura juvenil francesa
_ySiglo XX
650 1 4 _2LEMB
_aAmor en la literatura
700 1 _aAzaola, Miguel
_966795
942 _2loc
_cBKLIT
264 _aMadrid
_bS. M.
_c2007
336 _atexto
_btxt
_2rdacontent
337 _asin mediación
_bn
_2rdamedia
338 _avolumen
_bnc
_2rdacarrier
040 _aCO-BoRNBP
_bspa
_erda
_cCO-BoRNBP
084 _aN PEN1
999 _c6070
_d6070